Education of Muslims : (Record no. 88631)

MARC details
000 -LEADER
fixed length control field 00705nam a22001937a 4500
005 - DATE AND TIME OF LATEST TRANSACTION
control field 20140916104233.0
010 ## - LCCN (DPL NO)
LC control number ENG-110857
020 ## - INTERNATIONAL STANDARD BOOK NUMBER
International Standard Book Number 9788175417458
Terms of availability 550.00
035 ## - SYSTEM CONTROL NUMBER
System control number EN-94389
037 ## - SOURCE OF ACQUISITION
Source of stock number/acquisition DBAD/PUB
082 ## - DEWEY DECIMAL CLASSIFICATION NUMBER
Classification number 370.954
245 ## - TITLE STATEMENT
Title Education of Muslims :
Statement of responsibility, etc edited by J.S. Rajput; foreworded by Sirajuddin Qureshi
Remainder of title Islamic perspective of knowledge and education-Indian context /
260 ## - PUBLICATION, DISTRIBUTION, ETC. (IMPRINT)
Place of publication, distribution, etc New Delhi
Name of publisher, distributor, etc Shipra Publications
Date of publication, distribution, etc 2014
270 ## - ADDRESS
Address LG-18-19, Pankaj Central Market, Patparganj
City New Delhi
Postal code 110092
300 ## - PHYSICAL DESCRIPTION
Extent xvii,411p.
Dimensions 23cm(pbk)
500 ## - GENERAL NOTE
General note Includes bibliographical references and index
700 ## - ADDED ENTRY--PERSONAL NAME
Personal name Rajput, J.S.
942 ## - ADDED ENTRY ELEMENTS (KOHA)
Source of classification or shelving scheme Dewey Decimal Classification
Item type English Books
Call number suffix EDU
Classification part 370.954
Holdings
Withdrawn status Lost status Not for loan Collection code Home library Current library Date acquired Source of acquisition Cost, normal purchase price Full call number Barcode Copy number Cost, replacement price Koha item type
    Not For Loan Non-fiction D.B.Act.Division D.B.Act.Division 15/09/2014 DBAD/PUB 550.00 370.954 EDU EN-94389 1 550.00 English Books

© Delhi Public Library
Hit Counter
free hit counter